Psicología para los docentes /
Guardado en:
| Autor Principal: | |
|---|---|
| Formato: | Libro |
| Publicado: |
Buenos Aires :
Kapelusz,
1975
|
| Edición: | 1a. ed. |
| Materias: | |
| Etiquetas: |
Agregar Etiqueta
Sin Etiquetas, Sea el primero en etiquetar este registro!
|
| LEADER | 01259nam a22002295a 4500 | ||
|---|---|---|---|
| 001 | CEM.cems006801 | ||
| 005 | 20060214000000.0 | ||
| 008 | 130507s1975##################000#0#####d | ||
| 003 | CEMS | ||
| 082 | 0 | 4 | |a 370.15 |
| 100 | 1 | |a Child, Dennis | |
| 245 | 1 | 0 | |a Psicología para los docentes / |
| 250 | |a 1a. ed. | ||
| 260 | |a Buenos Aires : |b Kapelusz, |c 1975 | ||
| 300 | |a 448 p. | ||
| 505 | 0 | |a La psicolog¡a y la educaci¢n.- El sistema nervioso y el cerebro.- La motivaci¢n humana.- La atenci¢n y la percepci¢n.- La formaci¢n y obtenci¢n de conceptos.- Teor¡a y pr ctica del aprendizaje.- Teor¡a y pr ctica del aprendizaje.- Aprendizaje, retenci¢n y recuerdo.- Lenguaje y pensamiento.- La inteligencia humana.- El pensamiento creativo.- La personalidad.- Impedimento educaciónal.- Evaluaci¢n educaciónal.- La estandarizaci¢n y el an lisis de items.- Desarrollo y orientaci¢n profesionales.- El curr¡culo.- Investigaci¢n psicol¢gica y eduaci¢n. | |
| 653 | |a Aprendizaje | ||
| 653 | |a Educacion | ||
| 653 | |a Psicología educativa | ||
| 859 | |a CEMS |b BIB. CEMS - 11 de abril |h 370.15 |i Ch430 |p 13142.84 |t Ej.1 | ||
| 859 | |a CEMS |b BIB. CEMS - 11 de abril |h 370.15 |i Ch430 |p 14533.87 |t Ej.2 | ||
| 859 | |a CEMS |b BIB. CEMS - 11 de abril |h 370.15 |i Ch430 |p 14534.87 |t Ej.3 | ||
